书目信息 |
| 题名: |
S-粗集与粗决策
|
|
| 作者: | 史开泉 , 崔玉泉 著 | |
| 分册: | ||
| 出版信息: | 北京 科学出版社 2006.5 |
|
| 页数: | 197页 | |
| 开本: | 24cm | |
| 丛书名: | ||
| 单 册: | ||
| 中图分类: | O175 | |
| 科图分类: | ||
| 主题词: | 集合--ji he--研究 | |
| 电子资源: | ||
| ISBN: | 7-03-016544-6 | |
| 000 | 00908nam0 2200265 450 | |
| 001 | CAL 012006020983 | |
| 005 | 20061114110409.32 | |
| 010 | @a7-03-016544-6@dCNY32.00 | |
| 100 | @a20061012d2006 emky0chiy0120 ea | |
| 101 | 0 | @achi |
| 102 | @aCN@b110000 | |
| 105 | @ay a 000yy | |
| 200 | 1 | @aS-粗集与粗决策@AS- cu ji yu cu jue ce@f史开泉, 崔玉泉著 |
| 210 | @a北京@c科学出版社@d2006.5 | |
| 215 | @a197页@d24cm | |
| 306 | @a由国家自然科学基金 山东大学出版基金 聊城大学出版基金资助出版 | |
| 320 | @a有书目 (第195-197页) | |
| 330 | @a本书给出了S-粗集的两类形式: 单向S-粗集和双向S-粗集以及S-粗集的遗传、记忆特征, 提出S-粗集决策并给出了分析模型。 | |
| 333 | @a阅读对象: 数学、经济、金融、系统科学等专业的大学生等 | |
| 606 | 0 | @a集合@Aji he@x研究 |
| 690 | @aO175@v4 | |
| 701 | 0 | @a史开泉@Ashi kai quan@4著 |
| 701 | 0 | @a崔玉泉@Acui yu quan@4著 |
| 801 | 0 | @aCN@c20061114 |
| 905 | @a10447@dO175@eS575 | |
| S-粗集与粗决策/史开泉, 崔玉泉著.-北京:科学出版社,2006.5 |
| 197页;24cm |
| 使用对象:阅读对象: 数学、经济、金融、系统科学等专业的大学生等 |
| ISBN 7-03-016544-6:CNY32.00 |
| 本书给出了S-粗集的两类形式: 单向S-粗集和双向S-粗集以及S-粗集的遗传、记忆特征, 提出S-粗集决策并给出了分析模型。 |
| ● |
| 相关链接 |
|
|
|
正题名:S-粗集与粗决策
索取号:O175/S575
 
预约/预借
| 序号 | 登录号 | 条形码 | 馆藏地/架位号 | 状态 | 备注 |
| 1 | 635706 | 206357066 | 自科库401/401自科库 45排2列1层/ [索取号:O175/S575] | 在馆 | |
| 2 | 635707 | 206357075 | 自科库401/401自科库 45排2列1层/ [索取号:O175/S575] | 在馆 |